Následky chybne podaného daňového priznania a nepodania daňového priznania, oprava chýb v daňových priznaniach

Bibliographic Details
Main Author: Strählová, Jarmila (Author)
Format: Article
Language:Slovak
ISSN:1335-0897
Subjects:

MARC

LEADER 00000nab a2200000 ar4500
001 vtls008998186
003 SK-MaSNL
005 20260303065834.0
008 070612c2007 xo mr|p|||||||000 b|slo
015 |a SNBRB2007/06  |2 snkbucl 
038 |a SNKBUCL 
040 |a SNKBUCL  |b slo  |c SNKBUCL  |e AACR2 
041 |a slo 
044 |a xo  |c SK 
080 |a 336.226.112.1  |2 1997 
080 |a 336.225.69  |2 1997 
080 |a 336.225.611  |2 1997 
100 1 |a Strählová, Jarmila  |4 aut  |9 9509 
245 1 0 |a Následky chybne podaného daňového priznania a nepodania daňového priznania, oprava chýb v daňových priznaniach  |c Jarmila Strählová 
650 0 7 |a daňové priznania  |x chyby  |x následky  |2 snkbucl  |9 1066441 
773 0 |t Daňový a účtovný poradca podnikateľa  |g Č. 8 (2007), s. 153-161  |x 1335-0897 
852 |a SNK  |b KIS3GCP 
999 |c 1752953  |d 1754883